| 000 | 00447nam a2200157Ia 4500 | ||
|---|---|---|---|
| 008 | 210716s2002 xx 000 0 und d | ||
| 020 | _a70486581 | ||
| 041 | _aeng | ||
| 082 | _a519.2 PAPA | ||
| 100 | _aPapoulis, Athanasios;Pillai, S Unnikrishna. | ||
| 245 | _aProbability random variables and stochastic processes. | ||
| 250 | _a4 | ||
| 260 |
_aNew Delhi _bTata McGraw Hill Publishing Company Ltd _c2002 |
||
| 300 | _ax,852 | ||
| 650 | _aNone | ||
| 999 |
_c185022 _d185022 |
||